000 00359nam a2200133Ia 4500
008 240624s9999 xx 000 0 und d
041 _aeng
082 _a658.4012 COK
100 _aCOKINS GARY
245 _aPERFORMANCE MANAGEMENT FINDING THE MISSI
260 _c2004
_aNew Jersey
_bJohn Wiley and Sons
300 _axx, : 284 : p. : cm. ; 24
365 _c
_b30
999 _c15111
_d15111